Представление документа в формате MARC21

Поле Инд. ПП Название Значение
Тип записи a
Библиографический уровень m
001 Контрольный номер RU/IS/BASE/227194702
005 Дата корректировки 20260205172122.3
020 a ISBN 5-16-001092-0
084 a Индекс другой классификации/Индекс ББК 60.55-42я73; 60.823.3я73
090 a Полочн. индекс 60.55-42я73 испр.
x Авторский знак К 27
100 1_ a Автор Карташова Л. В.
q Полное имя Карташова Лариса Васильевна
100 1_ a Автор Никонова Т. В.
q Полное имя Никонова Татьяна Васильевна
100 1_ a Автор Соломанидина Т. О.
q Полное имя Соломанидина Татьяна Оттовна
245 10 a Заглавие Организационное поведение
b Продолж. заглавия учебник
c Ответственность рецензенты Р. П. Колосова, Т. П. Данилова; редактор М. В. Сафронова
260 a Место издания Москва
b Издательство Инфра-М
c Дата издания 2002
300 a Объем 220 с.
336 a Термин вида содержания Текст
337 a Термин типа средства непосредственный
440 _0 a Серия Высшее образование
500 a Примечание Серия основана в 1996 году
521 0_ a Примеч. о целев. назн. студенты; аспиранты; преподаватели
650 04 a Основная рубрика организационное поведение
a Основная рубрика социология
a Основная рубрика социология организаций
653 0_ a Ключевые слова биографические характеристики
a Ключевые слова власть
a Ключевые слова группы
a Ключевые слова имидж фирмы
a Ключевые слова конфликты
a Ключевые слова лидерство
a Ключевые слова личность
a Ключевые слова менеджеры
a Ключевые слова мотивация
a Ключевые слова научение
a Ключевые слова организации
a Ключевые слова организационная культура
a Ключевые слова переговоры
a Ключевые слова поведение
a Ключевые слова психологические потребности
a Ключевые слова психология
a Ключевые слова психология коллектива
a Ключевые слова психология управления
a Ключевые слова расположения
a Ключевые слова саморегуляция
a Ключевые слова социальная психология
a Ключевые слова способности
a Ключевые слова стресс
a Ключевые слова теория личности
a Ключевые слова теория мотивации
a Ключевые слова теория характерных черт
a Ключевые слова типология личности
a Ключевые слова типы организаций
a Ключевые слова удовлетворенность работой
a Ключевые слова управление
a Ключевые слова управление персоналом
a Ключевые слова управление стрессом
a Ключевые слова физиологические потребности
a Ключевые слова фирма
a Ключевые слова фрустрация
a Ключевые слова ценности
a Ключевые слова экономика
655 a Жанр/ форма (устаревшее) учебное пособие
700 12 a Автор Сафронова М. В.
e Роль лиц редактор
700 12 a Автор Колосова Р. П.
e Роль лиц рецензент
700 12 a Автор Данилова Т. П.
e Роль лиц рецензент
787 18 w Контрольный номер связываемой записи RU/IS/BASE/462629427
w Контрольный номер связываемой записи RU/IS/BASE/462629043
901 t Тип документа m
952 a Тип литературы для КСУ ВШ УИ
954 a Гриф 1.1.5